000 00352nam a2200133Ia 4500
008 150202s9999 xx 000 0 und d
020 _a340339667
050 _aFIC
_bFIC
100 _aGardner, John.
245 4 _aThe quiet dogs /
_cJohn Gardner.
260 _aLondon :
_bCoronet Books,
_c1982.
300 _a302 pages :
_c18 cm.
650 _aFiction.
999 _c282030
_d282030